00556 2200169 4500245007600000250001000076100001500086700001200101650002100113005001900134260007300153041001400226084001000240300002600250500010100276336000900377 aGintuwung Anri Hi Lupi b : Kantong Semar dan Si LupicNorhasanahText acet.1 aNorhasanah aYuliadi aCerita Bergambar a20241003113111 aJakartabKemeterian Pendidikan, Kebudayaan, Riset dan eknologic2023 aIndonesia a741.5 a19 hlm :c29,7 cm pdf aCerita Anak Dwibahasa Kalimantan Tengah dalam Bahasa (Daerah) Dayak Maanyan dan Bahasa Indonesia atext